00279nam a2200109Ia 4500008004100000041000800041082002300049100001400072245003700086260003700123300000900160230411s9999 xx 000 0 und d aeng aN/613.2/MOL/B05662 aMolly Sam aTextbook Of Nutrition For Nurses bJaypee BrothersaNew Delhic2000 a276p